Statistics for Guess the Anime

Click here to take the quiz!

General Stats

  • This quiz has been taken 99 times
  • The average score is 9 of 15

Answer Stats

HintAnswer% Correct
The collosal titan destroys wall Maria, allowing hundreds of titans to devour man kind. The only hope of survival is Eden, who can turn into a titan HimselfAttack on titan
96%
Ken kaneki has his dead date's organs tranplanted into him, which change him into a creature that only survives on human flesh.Tokyo ghoul
94%
A yellow octopus is your new teacher and you have until graduation to assassinate him, before he destroys the Earth.Assassination classroom
93%
A powerless boy aspires to be a super hero and attend a school for the children with quirks, but it doesn't stop his motivation to become a superheroMy hero academia
93%
A midget is determined to win the volleyball high school spring nationals,mafetr andefeat n his first game, coincidently enough his rival is on his team.Haikyu
83%
The son of Satan goes to an exorcist school in order to exorcise the demon who killed the only father he knew.Blue exorcist
81%
A unique guild in fiore that is always getting into trouble because of natsu the dragon slayer, his trusty blue exceed happy and the celestial Mage Lucy.Fairy tail
81%
A poor girl breaks a vase worth $80000 and has to become a host in a male group at a high school for the rich, where she meets her new friends.Ouran high school host club
63%
A young boy, the fourth magi, travels to dungeons, all across the land with Alibaba, to then go to a magic school, but under this war has been broken out between the largest nation and a magical country.Magi
55%
When he spirits are hugged by that of the other gender they transform into their animal. The only person to know this other than the sohma'snin Tohru Honda.Fruits Basket
48%
An esper has a terrible life at PK academy with the idiot Nendo, and well as having to try keep his secret and escape Haido and Teruhashi everydaySaiki.K
35%
After a mixer, he does "it" for the first time, then goes to school to a new, young, sexy teacher. The next day he comes home to find his dad engaged to the teacher and girl, which ruins his life.Domestic girlfriend
22%
The rail gun of toki wadai middle school, a level 5, is dragged into helping a group of city helpers find scoop on the level upper and the level 5 clones.Railgun
17%
A homeless girl is forced into becoming the kami or land god of the Mikage shrine, where she claims the yokai to or as her shinshiKamisama kiss
16%
A tengu takes the Senka Maiden as his bride and deals with the other demons go after her as well as the worry of her dying after she is bedded.Black bird
5%

Score Distribution

Percentile by Number Answered

Percent of People with Each Score

Your Score History

You have not taken this quiz